[Event "Tourn. n9684"]
[Site "www.chess-mail.com"]
[Date "2018.01.30"]
[Round "1"]
[White "Claymil"]
[Black "Bojan"]
[WhiteElo "2040"]
[BlackElo "1960"]
[Result "0-1"]
[Round "1"]
1.c4 g6
2.Nb1c3 e6
3.g3 c6
4.Bf1g2 Bf8g7
5.e3 Ng8e7
6.Ng1e2 Nb8a6
7.a3 d5
8.cxd5 exd5
9.d4 h5
10.h4 Na6c7
11.O-O Bc8g4
12.f3 Bg4e6
13.b4 b6
14.Bc1b2 Ne7f5
15.Kf2 g5
16.hxg5 Qd8xg5
17.f4 Qg5g6
18.Bg2h3 Nf5xe3
19.Kxe3 Be6xh3
20.Rf1g1 Bh3g4
21.Kd2 Bg7xd4
22.Rg1f1 O-O-O
23.Qd1c1 Bd4f6
24.Qc1e1 Rh8e8
25.Ra1d1 Bf6xc3
26.Bb2xc3 Re8xe2
{ resign }
0-1

[Event "Tourn. n9683"]
[Site "www.chess-mail.com"]
[Date "2018.01.30"]
[Round "1"]
[White "Bigrezi"]
[Black "Ssharp"]
[WhiteElo "2260"]
[BlackElo "2300"]
[Result "0-1"]
[Round "1"]
1.e4 e6
2.d4 d5
3.exd5 exd5
4.Ng1f3 Ng8f6
5.Bf1d3 Bf8d6
6.c4 O-O
7.Nb1c3 dxc4
8.Bd3xc4 h6
9.O-O Bc8g4
10.h3 Bg4xf3
11.Qd1xf3 c6
12.Nc3e4 Nf6xe4
13.Qf3xe4 Qd8e7
14.Qe4g4 Qe7f6
15.Rf1e1 b5
16.Bc4d3 Nb8a6
17.Qg4e4 g6
18.Bc1xh6 Rf8e8
19.Qe4xc6 Bd6h2
{ resign }
0-1

[Event "Tourn. n9656"]
[Site "www.chess-mail.com"]
[Date "2018.01.30"]
[Round "1"]
[White "Cal"]
[Black "Begory"]
[WhiteElo "1680"]
[BlackElo "1550"]
[Result "0-1"]
[Round "1"]
1.e4 e5
2.a3 Bf8c5
3.Ng1f3 Ng8f6
4.Nb1c3 Nf6g4
5.d4 exd4
6.Nc3d5 O-O
7.h3 c6
8.Bc1f4 cxd5
9.e5 Ng4h6
10.Bf4xh6 gxh6
11.Qd1d3 f6
12.Bf1e2 fxe5
13.Nf3xe5 Rf8e8
14.O-O d6
15.Ne5f3 Qd8e7
16.Ra1e1 Qe7g7
17.b4 Bc5b6
18.a4 Bc8xh3
19.g3 Bh3xf1
20.Be2xf1 Re8xe1
21.Nf3xe1 Nb8c6
22.Qd3f3 Qg7f7
23.Qf3d3 Nc6xb4
24.Qd3d2 Nb4c6
25.Bf1g2 Ra8f8
26.f4 d3
27.Kf1 dxc2
28.Ne1xc2 Nc6e5
29.a5 Bb6c5
30.Ke2 Ne5c4
31.Bg2xd5 Nc4xd2
32.Bd5xf7 Rf8xf7
33.Kxd2 Bc5f2
34.Ke2 Bf2xg3
35.Nc2d4 Rf7xf4
36.Ke3 Rf4xd4
{ resign }
0-1

[Event "Tourn. n9668"]
[Site "www.chess-mail.com"]
[Date "2018.01.30"]
[Round "1"]
[White "Nulladies"]
[Black "Sahlapalat"]
[WhiteElo "1890"]
[BlackElo "2060"]
[Result "0-1"]
[Round "1"]
1.d4 Ng8f6
2.Bc1f4 d5
3.Nb1d2 e6
4.e3 Bf8e7
5.Ng1f3 O-O
6.Bf1d3 c5
7.c3 Nb8c6
8.Nf3e5 Nc6xe5
9.dxe5 Nf6d7
10.Bf4g3 f5
11.f4 c4
12.Bd3c2 Nd7c5
 { time }
0-1

[Event "Tourn. n9658"]
[Site "www.chess-mail.com"]
[Date "2018.01.30"]
[Round "1"]
[White "Coolant"]
[Black "Bronstein70"]
[WhiteElo "2360"]
[BlackElo "2430"]
[Result "1/2-1/2"]
[Round "1"]
1.d4 f5
2.Ng1f3 Ng8f6
3.g3 g6
4.Bf1g2 Bf8g7
5.O-O O-O
6.c4 d6
7.Nb1c3 Nb8c6
8.d5 Nc6a5
9.Qd1d3 e5
10.e4 fxe4
11.Nc3xe4 Nf6xe4
12.Qd3xe4 Bc8f5
13.Qe4e2 Bf5g4
14.h3 Bg4xf3
15.Bg2xf3 Na5xc4
16.Bf3e4 Nc4b6
17.Bc1e3 Nb6d7
18.Ra1c1 Nd7f6
19.Be3g5 Qd8d7
20.Bg5xf6 Rf8xf6
21.Kg2 Ra8f8
22.f3 Bg7h6
23.Rc1c3 a6
24.Rf1d1 Rf8f7
25.Rd1d3 { draw }
1/2-1/2

[Event "Tourn. n9612"]
[Site "www.chess-mail.com"]
[Date "2018.01.30"]
[Round "1"]
[White "Claymil"]
[Black "Esperanza"]
[WhiteElo "2070"]
[BlackElo "1940"]
[Result "0-1"]
[Round "1"]
1.c4 c5
2.Nb1c3 d6
3.g3 Ng8f6
4.Bf1g2 e6
5.e3 Bf8e7
6.Ng1e2 O-O
7.O-O a6
8.d4 Qd8c7
9.b3 Nb8c6
10.d5 Nc6e5
11.Bc1b2 Ra8b8
12.f4 Ne5g4
13.Qd1d3 h5
14.h3 Ng4h6
15.e4 Bc8d7
16.Ra1c1 b5
17.cxb5 axb5
18.dxe6 fxe6
19.Nc3d1 Bd7c6
20.Nd1f2 Rb8a8
21.a3 d5
22.e5 Nf6d7
23.Ne2c3 c4
24.Qd3c2 Be7xa3
25.bxc4 bxc4
26.Rc1a1 Ba3xb2
27.Qc2xb2 Nh6f5
28.Ra1a3 Nf5e3
29.Rf1a1 Ne3xg2
30.Kxg2 d4
31.Nc3e4 c3
32.Qb2c2 Nd7c5
33.Kh2 Ra8xa3
34.Ra1xa3 Nc5xe4
35.Nf2xe4 Bc6xe4
36.Qc2xe4 c2
{ resign }
0-1

[Event "Tourn. n9702"]
[Site "www.chess-mail.com"]
[Date "2018.01.30"]
[Round "1"]
[White "Bojan"]
[Black "Luban"]
[WhiteElo "2040"]
[BlackElo "2130"]
[Result "1-0"]
[Round "1"]
1.e4 c5
2.Nb1c3 e6
3.Qd1g4 a6
4.Ng1e2 Nb8c6
5.a3 d5
6.exd5 exd5
7.Qg4f3 Bc8e6
8.Ne2f4 Ng8f6
9.Nf4xe6 fxe6
10.d3 Bf8e7
11.Bc1d2 O-O
12.Qf3h3 Qd8d7
13.Bf1e2 b5
14.Be2f3 Ra8c8
15.O-O d4
16.Nc3e4 Nc6e5
17.Ne4xf6 Be7xf6
18.Bf3e2 Rf8e8
19.Ra1e1 Qd7f7
20.Bd2f4 Ne5g6
21.Be2h5 Kh8
22.Re1e4 Ng6xf4
23.Re4xf4 g6
24.Bh5g4 Rc8c6
25.Rf1e1 e5
26.Rf4e4 Re8e7
27.Qh3g3 Qf7g7
28.Bg4f3 Rc6c7
29.h4 c4
30.Bf3e2 c3
31.b3 Re7f7
32.Re4g4 a5
33.Be2f3 b4
34.a4 Rc7e7
35.Bf3d5 Rf7f8
36.Rg4e4 h6
37.f4 exf4
38.Qg3xf4 Bf6g5
39.hxg5 Rf8xf4
40.Re4xe7 Qg7f8
41.Re7e8 Rf4f1
42.Kh2 Qf8xe8
43.Re1xe8 Kg7
44.gxh6 Kxh6
45.Re8e2 Rf1d1
46.Kg3 { resign }
1-0

[Event "Tourn. n9652"]
[Site "www.chess-mail.com"]
[Date "2018.01.30"]
[Round "1"]
[White "Prize64"]
[Black "Piekki"]
[WhiteElo "2130"]
[BlackElo "2130"]
[Result "0-1"]
[Round "1"]
1.e4 e6
2.d4 d5
3.Nb1d2 c5
4.exd5 Qd8xd5
5.Ng1f3 Nb8c6
6.Bf1c4 Qd5d8
7.dxc5 Bf8xc5
8.O-O Ng8f6
9.c3 O-O
10.Qd1e2 Qd8c7
11.Nd2b3 Bc5d6
12.Bc1g5 Nf6g4
13.h3 Nc6e5
14.Nf3xe5 Ng4xe5
15.Bc4d3 Ne5xd3
16.Qe2xd3 f6
17.Bg5e3 Rf8d8
18.Qd3e2 e5
19.Rf1d1 Bc8e6
20.Nb3d2 f5
 { time }
0-1

[Event "Tourn. n9651"]
[Site "www.chess-mail.com"]
[Date "2018.01.30"]
[Round "1"]
[White "Begory"]
[Black "Cal"]
[WhiteElo "1580"]
[BlackElo "1630"]
[Result "1-0"]
[Round "1"]
1.d4 d5
2.Bc1f4 h6
3.Nb1c3 Nb8c6
4.Nc3b5 e5
5.dxe5 Bc8e6
6.Ng1f3 Bf8c5
7.e3 a6
8.Nb5c3 b5
9.e4 d4
10.Nc3e2 Ng8e7
11.c3 O-O
12.Ne2xd4 Bc5xd4
13.cxd4 Be6g4
14.d5 Nc6b4
15.Bf1e2 Ne7g6
16.Bf4g3 Bg4h5
17.a3 Bh5xf3
18.Be2xf3 c5
19.dxc6 Nb4xc6
20.O-O Qd8g5
21.Qd1c1 Ra8c8
22.Qc1xg5 hxg5
23.Rf1d1 Rf8e8
24.Rd1d6 Nc6b8
25.Bf3h5 Ng6f8
26.b4 Re8xe5
27.Bg3xe5 g6
28.Bh5g4 Rc8c4
29.Rd6d8 Nb8c6
30.Be5d6 Rc4xe4
31.Rd8xf8 Kg7
32.f3 Re4e2
33.Rf8a8 Nc6d4
34.Ra8xa6 Nd4b3
35.Ra1d1 f5
36.Bd6e5 Kh6
37.Rd1d6 Re2xe5
38.Rd6xg6 Kh7
39.Rg6h6 { resign }
1-0

[Event "Match"]
[Site "www.echecsemail.com"]
[Date "2018.01.30"]
[Round "1"]
[White "Micheles"]
[Black "Gidi5"]
[WhiteElo "2570"]
[BlackElo "2330"]
[Result "1-0"]
[Round "1"]
1.d4 Ng8f6
2.Ng1f3 b6
3.Bc1g5 e6
4.Nb1d2 d5
5.e3 Bf8e7
6.Bf1d3 Bc8a6
7.Bd3xa6 Nb8xa6
8.Nf3e5 Na6b8
9.c4 Nf6d7
10.Bg5xe7 Qd8xe7
11.Nd2f3 Nd7xe5
12.Nf3xe5 Qe7b4
13.Qd1d2 Qb4xd2
14.Kxd2 f6
15.Ne5f3 dxc4
16.Rh1c1 b5
17.b3 cxb3
18.Rc1xc7 Nb8d7
19.axb3 a5
20.Rc7b7 Ke7
21.Rb7xb5 Rh8b8
22.Rb5xb8 Ra8xb8
23.Kc3 Rb8c8
24.Kd3 Rc8b8
25.Nf3d2 Rb8b5
26.Kc3 Nd7b6
27.e4 Kd7
28.Nd2c4 Nb6xc4
29.bxc4 Rb5h5
30.h3 Kc6
31.d5 exd5
32.exd5 Kb6
33.Ra1b1 Ka6
34.d6 { resign }
1-0

[Event "Match"]
[Site "www.echecsemail.com"]
[Date "2018.01.30"]
[Round "1"]
[White "Muderfuger"]
[Black "Virgil08bv"]
[WhiteElo "1499"]
[BlackElo "1499"]
[Result "0-1"]
[Round "1"]
1.e4 d6
2.Bf1b5 c6
3.Bb5a4 Ng8f6
4.Ng1f3 Nf6xe4
5.O-O Ne4c5
6.Ba4b3 e5
7.d3 Bf8e7
8.Nf3e1 O-O
9.d4 exd4
10.Qd1xd4 Be7f6
11.Qd4c4 a5
12.g4 a4
13.Nb1a3 axb3
14.cxb3 b5
15.Qc4c2 Ra8xa3
16.bxa3 Bf6xa1
17.Bc1b2 Ba1xb2
18.Qc2xb2 Bc8xg4
19.f3 Bg4h3
20.Rf1f2 Qd8g5
21.Ne1g2 Nc5d3
22.Qb2d2 Qg5g6
23.a4 Nd3xf2
24.Qd2xf2 Rf8e8
25.axb5 Re8e1
26.Qf2xe1 Qg6xg2

0-1

[Event "Match"]
[Site "www.echecsemail.com"]
[Date "2018.01.30"]
[Round "1"]
[White "Chessington"]
[Black "Micheles"]
[WhiteElo "2800"]
[BlackElo "2560"]
[Result "1-0"]
[Round "1"]
1.Ng1f3 Ng8f6
2.b3 b6
3.g3 Bc8b7
4.c4 Bb7xf3
5.exf3 e6
6.Nb1c3 Nb8c6
7.Bf1g2 Bf8c5
8.f4 Qd8e7
9.O-O O-O-O
10.Nc3e2 Qe7d6
11.b4 Bc5xb4
12.d4 Bb4a5
13.Ra1b1 Qd6f8
14.d5 Nc6b8
15.Ne2d4 Ba5b4
16.Qd1a4 a5
17.d6 Bb4xd6
18.Qa4xa5 Bd6c5
19.Qa5a8 d5
20.Bc1b2 Kd7
21.cxd5 Nf6xd5
22.Bg2xd5 exd5
23.Nd4b5 Nb8c6
24.Qa8b7 Rd8c8
25.Rb1d1 { resign }
1-0

[Event "Match"]
[Site "www.echecsemail.com"]
[Date "2018.01.30"]
[Round "1"]
[White "Cal"]
[Black "Lion123"]
[WhiteElo "1610"]
[BlackElo "1499"]
[Result "0-1"]
[Round "1"]
1.d4 Ng8f6
2.Bc1f4 g6
3.Ng1f3 Bf8g7
4.Nb1c3 d6
5.h3 O-O
6.e4 c6
7.Bf1d3 b5
8.O-O Nb8d7
9.a3 Nd7b6
10.b4 a5
11.Nc3e2 Bc8b7
12.Ne2g3 Nb6c4
13.Bd3xc4 bxc4
14.c3 axb4
15.cxb4 c5
16.bxc5 dxc5
17.d5 Nf6xe4
18.Ra1a2 Ne4c3
19.Qd1c2 Nc3xa2
20.Qc2xa2 Bb7xd5
21.Rf1d1 e6
22.Nf3g5 Bg7d4
23.Bf4e3 Bd4xe3
24.fxe3 Qd8xg5
25.e4 Bd5c6
26.Kh2 Qg5e5
27.Qa2xc4 Ra8xa3
28.Rd1e1 Qe5xg3
29.Kg1 Qg3xe1
30.Kh2 Qe1g3
31.Kg1 Ra3a1
{ resign }
0-1

[Event "Match"]
[Site "www.echecsemail.com"]
[Date "2018.01.30"]
[Round "1"]
[White "Whitekknight"]
[Black "Darknight"]
[WhiteElo "1960"]
[BlackElo "1750"]
[Result "1-0"]
[Round "1"]
1.d4 d5
2.e4 dxe4
3.Nb1c3 Bc8f5
4.Bc1e3 e6
5.Bf1c4 c6
6.Ng1e2 Bf8b4
7.O-O Ng8e7
8.a3 Bb4d6
9.Ne2g3 h6
10.Ng3xe4 a6
11.Ne4xd6 Qd8xd6
12.Nc3e2 Nb8d7
13.Be3f4 e5
14.dxe5 Qd6g6
15.Kh1 Bf5xc2
16.Qd1d2  { time }
1-0

[Event "Match"]
[Site "www.echecsemail.com"]
[Date "2018.01.30"]
[Round "1"]
[White "Ranjachess"]
[Black "Rindrandria"]
[WhiteElo "1840"]
[BlackElo "1780"]
[Result "1-0"]
[Round "1"]
1.d4 e6
2.a3 g5
3.Nb1c3 c6
4.Qd1d3 Qd8a5
5.Bc1d2 b5
6.Nc3e4 b4
7.Ne4xg5 Bc8a6
8.Qd3e4 f6
9.Ng5xh7 Bf8d6
10.Nh7xf6 Ng8xf6
11.Qe4g6 Kd8
12.Qg6xf6 Kc7
13.Qf6xh8 Qa5f5
14.axb4 Qf5xc2
15.d5 exd5
16.g3 Ba6c4
17.Bf1g2 Qc2f5
18.Ng1f3 Bc4xe2
19.Kxe2 Qf5g4
20.b5 Qg4c4
21.Ke1 Qc4xb5
22.Nf3d4 Qb5d3
23.Nd4e6 dxe6
24.Bd2a5 Kb7
25.Qh8f6 Nb8a6
26.Qf6xe6 Na6b4
27.Qe6d7 Ka6
28.Ba5xb4 Kb6
29.Qd7xd6 Ra8e8
30.Qd6e7 Re8xe7
31.Bb4xe7 Qd3d4
32.Be7a3 c5
33.Ra1c1 c4
34.Bg2f1 Qd4e4
35.Kd2 Qe4xh1
36.Bf1xc4 d4
37.Rc1xh1 Ka5
38.h4 Ka4
39.h5 d3
40.h6 a5
41.Bc4d5 Kb5
42.h7 a4
43.h8Q Ka5
44.Qh8c3 Ka6
45.Qc3b4 Ka7
46.Qb4b7 
1-0

[Event "Match"]
[Site "www.echecsemail.com"]
[Date "2018.01.30"]
[Round "1"]
[White "Bojan"]
[Black "Mitja"]
[WhiteElo "1950"]
[BlackElo "2060"]
[Result "0-1"]
[Round "1"]
1.Nb1c3 d5
2.Ng1f3 e6
3.a3 Ng8f6
4.d4 c6
5.Qd1d3 h6
6.e4 dxe4
7.Nc3xe4 Nf6xe4
8.Nf3e5 Ne4f6
9.Bc1d2 Nb8d7
10.Qd3f3 Nd7xe5
11.dxe5 Nf6d5
12.c4 Nd5e7
13.Ra1d1 Qd8c7
14.Bd2c3 b6
15.b4 Bc8b7
16.Qf3g3 Ne7g6
17.Bf1d3 Ng6e7
18.O-O c5
19.Bd3e2 Ne7f5
20.Qg3f4 Ra8d8
21.Rd1xd8 Qc7xd8
22.g4 g5
23.Qf4c1 Nf5d4
24.Rf1d1 Nd4xe2
{ resign }
0-1

[Event "Match"]
[Site "www.echecsemail.com"]
[Date "2018.01.30"]
[Round "1"]
[White "Darknight"]
[Black "Apdash"]
[WhiteElo "1760"]
[BlackElo "2330"]
[Result "0-1"]
[Round "1"]
1.e4 e5
2.Bf1c4 Bf8c5
3.Ng1f3 d6
4.h3 Ng8f6
5.d3 c6
6.c3 Qd8e7
7.a4 Bc8e6
8.Bc1g5 Be6xc4
9.dxc4 a5
10.Nb1d2 h6
11.Bg5h4 Nb8d7
12.g4 Qe7e6
13.Qd1b3 Ra8b8
14.Qb3a2 g5
15.Bh4g3 d5
16.exd5 cxd5
17.O-O-O dxc4
18.Rh1e1 O-O
19.h4 Qe6xg4
20.Re1g1 Qg4f5
21.hxg5 hxg5
22.Qa2xc4 Rb8c8
23.Qc4b5 Bc5b4
24.Nf3e1 Bb4xc3
 { time }
0-1

[Event "Fast Game"]
[Site "www.echecsemail.com"]
[Date "2018.01.30"]
[Round "1"]
[White "Fabos12"]
[Black "Hennie4820"]
[WhiteElo "1710"]
[BlackElo "1670"]
[Result "1-0"]
[Round "1"]
1.d4 Ng8f6
2.Ng1f3 g6
3.c4 Bf8g7
4.Nb1c3 O-O
5.e4 d6
6.Bf1d3 Nb8d7
7.h4 e5
8.d5 Nd7c5
9.Bd3c2 a5
10.a4 Bc8g4
11.Bc1e3 Nc5a6
12.Bc2d3 Na6b4
13.Bd3e2 Nf6xe4
{ time. }
1-0

[Event "Tourn. n9626"]
[Site "www.chess-mail.com"]
[Date "2018.01.31"]
[Round "1"]
[White "Claymil"]
[Black "Odin"]
[WhiteElo "2070"]
[BlackElo "1890"]
[Result "1-0"]
[Round "1"]
1.c4 Ng8f6
2.Nb1c3 e6
3.g3 Bf8b4
4.Bf1g2 c6
5.e3 d5
6.cxd5 cxd5
7.Ng1e2 Nb8c6
8.a3 Bb4a5
9.b4 Ba5b6
10.O-O O-O
11.Bc1b2 h5
12.d4 Rf8e8
13.Ra1c1 Bc8d7
14.Ne2f4 Nc6e7
15.Nf4d3 Ne7g6
16.h3 a6
17.Nd3e5 Ng6e7
18.Ne5xd7 Qd8xd7
19.Nc3a4 Bb6a7
20.Na4c5 Ba7xc5
21.dxc5 h4
22.g4 e5
23.Bb2xe5 Ne7c6
24.Be5xf6 gxf6
25.Qd1xd5 Qd7c8
26.Qd5h5 Kf8
27.Bg2d5 Nc6e5
28.Qh5xh4 Qc8d7
29.Bd5g2 Ke7
30.Rf1d1 Qd7a4
31.g5 fxg5
32.Qh4xg5 f6
33.Qg5f5 Ra8d8
34.Rd1xd8 Re8xd8
35.Qf5h7 Ne5f7
36.Qh7e4 Nf7e5
37.f4 Qa4c6
38.Qe4h7 { resign }
1-0

[Event "Tourn. n9552"]
[Site "www.chess-mail.com"]
[Date "2018.01.31"]
[Round "1"]
[White "Osopanda"]
[Black "Robinjut"]
[WhiteElo "1690"]
[BlackElo "1670"]
[Result "1-0"]
[Round "1"]
1.e4 e5
2.Ng1f3 h6
3.Bf1c4 d6
4.d4 exd4
5.Nf3xd4 Bc8e6
6.Nd4xe6 fxe6
7.O-O Qd8f6
8.Nb1c3 Ng8e7
9.Bc1e3 Nb8d7
10.f4 e5
11.Nc3d5 Ne7xd5
12.Qd1xd5 O-O-O
13.fxe5 Qf6xe5
14.Be3xa7 Nd7f6
15.Qd5e6 Nf6d7
16.Rf1f5 Qe5xe6
17.Bc4xe6 Rd8e8
18.Be6xd7 Kxd7
19.Ra1f1 Bf8e7
20.c4 Re8a8
21.Ba7d4 Ra8xa2
22.Rf5f7 c5
23.Bd4xg7 Rh8h7
24.Bg7c3 Rh7xf7
25.Rf1xf7 Ke6
26.Rf7h7 Be7g5
27.g3 Bg5e3
28.Kg2 Ra2a1
29.g4 Ra1g1
30.Kf3 Be3c1
31.Rh7xb7 Rg1h1
32.Kg2 Rh1d1
33.h4 Bc1f4
34.g5 hxg5
35.hxg5 Bf4xg5
36.Kf3 Rd1f1
37.Kg4 Bg5e3
38.Rb7g7 Rf1f4
39.Kg3 Rf4xe4
40.Kf3 Re4xc4
41.Kxe3 d5
42.Rg7g6 Kd7
43.Kd3 d4
44.Bc3e1 Rc4c1
45.Be1g3 Rc1d1
46.Kc2 Rd1g1
47.Rg6g5 Rg1g2
48.Kb3 d3
49.Rg5d5 Kc6
50.Rd5xd3 Kb5
51.Rd3c3 Rg2e2
52.Bg3d6 { resign }
1-0

[Event "Tourn. n9669"]
[Site "www.chess-mail.com"]
[Date "2018.01.31"]
[Round "1"]
[White "Hundegana"]
[Black "Fantomas"]
[WhiteElo "2050"]
[BlackElo "2200"]
[Result "0-1"]
[Round "1"]
1.e4 e5
2.c4 Ng8f6
3.d3 Bf8c5
4.h3 Nb8c6
5.Ng1f3 h6
6.Bf1e2 d6
7.O-O Bc8e6
8.Nb1c3 a6
9.Bc1e3 Bc5xe3
10.fxe3 O-O
11.a3 Nf6h7
12.d4 Be6c8
13.d5 Nc6e7
14.b4 f5
15.exf5 Ne7xf5
16.Qd1d2 Bc8d7
17.Be2d3 Nh7g5
18.Nf3xg5 Qd8xg5
19.Bd3xf5 Bd7xf5
20.Ra1d1 Bf5xh3
21.Rf1xf8 Ra8xf8
22.e4 Qg5xd2
23.Rd1xd2 Bh3d7
24.c5 Rf8c8
25.Kf2 h5
26.Nc3e2 g5
27.Rd2c2 Kf7
28.c6 bxc6
29.dxc6 Bd7e6
30.Rc2c1 Kg6
31.Rc1h1 Rc8b8
32.Rh1c1 h4
33.Rc1c3 g4
34.g3 h3
35.Kg1 Rb8f8
36.Ne2c1 Kg5
37.a4 Rf8b8
38.Nc1d3 Be6f7
39.Kh2 Bf7g6
40.b5 axb5
41.a5 Bg6xe4
42.Nd3b4 Rb8f8
43.Rc3c1 Rf8f2
44.Kg1 Rf2g2
45.Kf1 h2
46.Rc1e1 h1Q
{ resign }
0-1

[Event "Tourn. n9663"]
[Site "www.chess-mail.com"]
[Date "2018.01.31"]
[Round "1"]
[White "Odin"]
[Black "Falcoale"]
[WhiteElo "1880"]
[BlackElo "1840"]
[Result "0-1"]
[Round "1"]
1.e4 c5
2.Ng1f3 Nb8c6
3.g3 e5
4.Bf1g2 Bf8d6
5.Nb1c3 a6
6.d3 Ng8f6
7.Nc3d5 Nc6e7
8.Nd5xf6 gxf6
9.c3 Ne7g6
10.O-O Ra8b8
11.Bc1e3 b6
12.d4 a5
13.a3 cxd4
14.cxd4 O-O
15.Be3h6 Rf8e8
16.Qd1b3 Bd6f8
17.Qb3e3 Bf8xh6
18.Qe3c3 Bc8a6
19.Rf1e1 exd4
20.Qc3xd4 Bh6f8
21.e5 fxe5
22.Nf3xe5 Bf8g7
23.Qd4d5 Ng6xe5
24.Bg2h3 Ba6b7
25.Qd5a2 Ne5f3
26.Kf1 Re8xe1
27.Ra1xe1 Nf3xe1
28.Kxe1 Qd8e7
29.Kf1 Qe7e4
30.Qa2b3 Qe4h1
31.Ke2 Rb8e8
32.Kd2 Qh1e1
{ resign }
0-1

[Event "Tourn. n9700"]
[Site "www.chess-mail.com"]
[Date "2018.01.31"]
[Round "1"]
[White "Caspito"]
[Black "Hundegana"]
[WhiteElo "1960"]
[BlackElo "2010"]
[Result "0-1"]
[Round "1"]
1.e4 c5
2.Ng1f3 Ng8f6
3.Nb1c3 e6
4.d4 Bf8e7
5.e5 Nf6d5
6.Nc3xd5 exd5
7.b3 d6
8.Bc1b2 dxe5
9.Nf3xe5 Nb8c6
10.dxc5 Qd8a5
11.c3 Nc6xe5
12.Qd1xd5 Qa5xc5
13.Qd5e4 O-O
14.Bf1e2 f6
15.O-O Ra8b8
16.b4 Qc5c6
17.Qe4h4 Bc8f5
18.b5 Qc6e6
19.Rf1e1 Rb8d8
20.c4 g5
21.Qh4g3 Be7d6
22.Be2h5 Ne5xc4
23.Qg3c3 Bd6e5
24.Qc3b3 Rd8d3
{ resign }
0-1

[Event "Tourn. n9658"]
[Site "www.chess-mail.com"]
[Date "2018.01.31"]
[Round "1"]
[White "Bronstein70"]
[Black "Greghghs"]
[WhiteElo "2430"]
[BlackElo "2610"]
[Result "1-0"]
[Round "1"]
1.e4 c6
2.d4 d5
3.exd5 cxd5
4.Ng1f3 Ng8f6
5.Bf1b5 Bc8d7
6.a4 e6
7.O-O Bf8d6
8.c4 dxc4
9.Bb5xc4 Qd8c7
10.b3 O-O
11.Nb1c3 a6
12.Bc1g5 Bd7c6
13.Bg5xf6 gxf6
14.d5 exd5
15.Nc3xd5 Bc6xd5
16.Bc4xd5 Nb8c6
17.Qd1c2 Qc7d7
18.Bd5e4 h6
19.Ra1d1 Ra8d8
20.Nf3h4 Nc6e7
21.g3 { resign }
1-0

[Event "Match"]
[Site "www.echecsemail.com"]
[Date "2018.01.31"]
[Round "1"]
[White "Conde7"]
[Black "Biohazard"]
[WhiteElo "2880"]
[BlackElo "2689"]
[Result "1/2-1/2"]
[Round "1"]
1.e4 e5
2.Ng1f3 Nb8c6
3.Bf1b5 Ng8f6
4.O-O Nf6xe4
5.d4 Ne4d6
6.Bb5xc6 dxc6
7.dxe5 Nd6f5
8.Qd1xd8 Kxd8
9.Rf1d1 Ke8
10.Nb1c3 Bf8e7
11.Bc1g5 Be7xg5
12.Nf3xg5 h6
13.Ng5f3 Nf5e7
14.Nf3d4 Ne7f5
15.Nd4f3 Nf5e7
16.Rd1d2 Ne7g6
17.Nf3d4 Ke7
18.g3 Ng6xe5
19.Ra1e1 Kf6
20.b3 g6
21.Nc3e4 Kg7
22.Ne4c5 Kf6
23.Nc5e4 Kg7
24.Ne4c5 Kf6
25.Nc5e4 { draw }
1/2-1/2

[Event "Match"]
[Site "www.echecsemail.com"]
[Date "2018.01.31"]
[Round "1"]
[White "Bojan"]
[Black "Mitja"]
[WhiteElo "1920"]
[BlackElo "2070"]
[Result "0-1"]
[Round "1"]
1.e4 d5
2.exd5 Qd8xd5
3.Qd1f3 Qd5d8
4.Bf1c4 e6
5.Ng1e2 c6
6.c3 Ng8f6
7.d3 h6
8.Qf3e3 Bf8e7
9.Nb1d2 b6
10.a4 Bc8b7
11.Ne2g3 c5
12.O-O O-O
13.Ng3e4 Qd8c7
14.Ne4xf6 Be7xf6
15.Nd2e4 Bf6e7
16.f3 Nb8d7
17.Qe3f2 Nd7f6
18.Bc1e3 Ra8d8
19.h3 Bb7d5
20.Bc4b5 Bd5c6
21.Bb5xc6 Qc7xc6
22.Rf1d1 Nf6xe4
23.fxe4 a5
24.Qf2g3 Kh7
25.Qg3f3 e5
26.Rd1d2 Rd8d6
27.Ra1d1 Qc6xa4
28.Qf3f5 Kg8
29.Qf5xe5 Qa4d7
30.Qe5g3 Rd6g6
31.Qg3h2 Rf8e8
32.Be3f4 Qd7c6
33.h4 h5
34.Rd1f1 Rg6g4
35.Rd2f2 Rg4xh4
36.Qh2g3 Rh4g4
37.Qg3e3 Qc6g6
38.g3 Be7g5
39.Bf4c7 Bg5xe3
{ resign }
0-1

[Event "Match"]
[Site "www.echecsemail.com"]
[Date "2018.01.31"]
[Round "1"]
[White "Sahpat"]
[Black "Pellix84"]
[WhiteElo "1809"]
[BlackElo "2060"]
[Result "0-1"]
[Round "1"]
1.e4 c5
2.Ng1f3 d6
3.d4 cxd4
4.Nf3xd4 Ng8f6
5.Nb1c3 a6
6.Bc1g5 e6
7.f4 Bf8e7
8.Qd1f3 h6
9.Bg5xf6 Be7xf6
10.Nd4b3 Nb8c6
 { time }
0-1

[Event "Match"]
[Site "www.echecsemail.com"]
[Date "2018.01.31"]
[Round "1"]
[White "Bjonil60"]
[Black "Ketchuplover"]
[WhiteElo "1460"]
[BlackElo "1960"]
[Result "0-1"]
[Round "1"]
1.d4 Ng8f6
2.Ng1f3 b6
3.Nb1c3 Bc8b7
4.e3 e6
5.Qd1e2 Bf8e7
6.Bc1d2 Bb7a6
7.O-O-O Ba6xe2
8.Bf1xe2 O-O
9.h3 a6
10.a3 d6
11.b3 Nb8d7
12.Nf3h2 c5
13.Be2f3 d5
14.g3 cxd4
15.Nc3a2 Be7xa3
16.Kb1 Nf6e4
17.Bf3xe4 dxe4
18.c3 d3
19.c4 Qd8f6
20.Nh2g4 Qf6b2

0-1

[Event "Match"]
[Site "www.echecsemail.com"]
[Date "2018.01.31"]
[Round "1"]
[White "Chapi"]
[Black "Sahpat"]
[WhiteElo "2090"]
[BlackElo "1809"]
[Result "1-0"]
[Round "1"]
1.d4 Ng8f6
2.c4 g6
3.Nb1c3 d5
4.Bc1g5 Nf6e4
5.Bg5h4 Bf8g7
6.Ng1f3 c5
7.e3 Qd8a5
8.Ra1c1 O-O
9.cxd5 cxd4
10.Nf3xd4 Ne4xc3
11.Rc1xc3  { time }
1-0

[Event "Match"]
[Site "www.echecsemail.com"]
[Date "2018.01.31"]
[Round "1"]
[White "Jose"]
[Black "Biohazard"]
[WhiteElo "2830"]
[BlackElo "2739"]
[Result "1/2-1/2"]
[Round "1"]
1.d4 d5
2.Bc1f4 c5
3.e3 Nb8c6
4.Ng1f3 Ng8f6
5.Nb1d2 Qd8b6
6.dxc5 Qb6xb2
7.c4 e6
8.Ra1c1 Qb2xa2
9.cxd5 Qa2xd5
10.Bf1c4 Qd5d8
11.Bc4b5 Bc8d7
12.O-O Bf8e7
13.Nd2c4 O-O
14.Nc4d6 Be7xd6
15.Bf4xd6 Rf8e8
16.Rc1b1 b6
17.cxb6 axb6
18.Rb1c1 Ra8a5
19.Bb5xc6 Bd7xc6
20.Rc1xc6 Ra5d5
21.Bd6c7 { draw }
1/2-1/2

[Event "Fast Game"]
[Site "www.echecsemail.com"]
[Date "2018.01.31"]
[Round "1"]
[White "Fabos12"]
[Black "Muderfuger"]
[WhiteElo "1710"]
[BlackElo "1599"]
[Result "1-0"]
[Round "1"]
1.d4 e6
2.c4 Ng8f6
3.Bc1g5 h6
4.Bg5h4 Bf8b4
5.Nb1c3 Nf6e4
6.Bh4xd8 Kxd8
7.Ra1c1 e5
8.e3 exd4
9.Qd1xd4 f5
10.Qd4xg7 Rh8e8
11.Ng1f3 Bb4f8
12.Qg7f7 Bf8c5
13.Nc3xe4 Bc5b4
14.Ne4c3 d5
15.cxd5 c6
16.d6 Bb4xd6
17.Rc1d1 Nb8d7
18.Rd1xd6 b5
19.Nc3xb5 a6
20.Nb5d4 f4
21.Nd4xc6 Kc7
22.Qf7xf4 Nd7c5
23.Rd6xh6 Kb7
24.Qf4b4 Kc7
25.Qb4xc5 a5
26.Nf3e5 Bc8b7
27.Rh6h7 Kc8
28.Nc6xa5 Kb8
29.Ne5d7 
1-0

[Event "Tourn. n9631"]
[Site "www.chess-mail.com"]
[Date "2018.02.01"]
[Round "1"]
[White "Cal"]
[Black "Azulmarino"]
[WhiteElo "1690"]
[BlackElo "1670"]
[Result "0-1"]
[Round "1"]
1.c4 c5
2.Nb1c3 a6
3.d3 Ng8f6
4.h3 d6
5.Ng1f3 Nb8c6
6.e3 Nc6b4
7.a3 Nb4c6
8.Bf1e2 Bc8f5
9.e4 Bf5e6
10.O-O h6
11.Nf3h2 Qd8c7
12.f4 Nc6d4
13.Bc1e3 g6
14.f5 Be6d7
15.fxg6 fxg6
16.Be3xd4 cxd4
17.Nc3a2 a5
18.b3 b6
19.Be2f3 Bd7c6
20.Na2c1 h5
21.e5 dxe5
22.Qd1e2 Bc6xf3
23.Rf1xf3 Bf8h6
24.Nc1a2 Rh8g8
25.Na2c1 Bh6e3
26.Kh1 Rg8h8
27.Nc1a2 g5
28.Rf3f5 g4
29.h4 O-O-O
30.b4 e4
31.dxe4 Nf6xe4
32.bxa5 Ne4g3
{ resign }
0-1

[Event "Tourn. n9617"]
[Site "www.chess-mail.com"]
[Date "2018.02.01"]
[Round "1"]
[White "Pdebonis"]
[Black "Rons"]
[WhiteElo "2700"]
[BlackElo "2660"]
[Result "1/2-1/2"]
[Round "1"]
1.d4 Ng8f6
2.c4 e6
3.Ng1f3 b6
4.a3 Bc8b7
5.Nb1c3 d5
6.Bc1f4 Bf8d6
7.Bf4xd6 cxd6
8.cxd5 Nf6xd5
9.Nc3xd5 Bb7xd5
10.e3 O-O
11.Bf1d3 f5
12.O-O Nb8d7
13.Ra1c1 Nd7f6
14.Bd3a6 Ra8b8
15.Qd1e2 Qd8e8
16.Ba6b5 Qe8e7
17.Rc1c2 Bd5e4
18.Rc2c3 Nf6d5
19.Rc3c1 f4
20.Nf3d2 Be4g6
21.Bb5c4 Rb8c8
22.Kh1 Qe7f6
23.g3 f3
24.Qe2d1 Qf6f5
25.e4 Qf5h3
26.Rf1g1 Nd5f6
27.Qd1f1 Nf6g4
28.Bc4xe6 Kh8
29.Be6xg4 Qh3xg4
30.h3 Qg4g5
31.Rc1xc8 Rf8xc8
32.Qf1a6 Rc8f8
33.Rg1d1 Bg6xe4
34.Nd2xe4 Qg5f5
35.Ne4g5 Qf5xg5
36.Qa6d3 { draw }
1/2-1/2

[Event "Match"]
[Site "www.echecsemail.com"]
[Date "2018.02.01"]
[Round "1"]
[White "Ditto"]
[Black "Darknight"]
[WhiteElo "1960"]
[BlackElo "1800"]
[Result "1-0"]
[Round "1"]
1.e4 e5
2.Ng1f3 d6
3.Bf1c4 h6
4.d4 exd4
5.Qd1xd4 c5
6.Qd4d1 a6
7.a4 Bc8g4
8.Bc1f4 Nb8c6
9.c3 Bf8e7
10.Nb1d2 Ng8f6
11.Qd1b3 O-O
12.Qb3xb7 Bg4d7
13.Qb7b3 Bd7g4
14.O-O Bg4xf3
15.Nd2xf3 Nf6xe4
16.Bc4d5 Ra8b8
17.Qb3c2 Ne4f6
18.Bd5a2 Kh8
19.Ba2b1 g5
20.Bf4e3  { time }
1-0

[Event "Match"]
[Site "www.echecsemail.com"]
[Date "2018.02.01"]
[Round "1"]
[White "Gambitmiau"]
[Black "Darknight"]
[WhiteElo "1950"]
[BlackElo "1750"]
[Result "1-0"]
[Round "1"]
1.e4 e5
2.d4 Bf8d6
3.Ng1f3 h6
4.dxe5 Bd6c5
5.Bf1c4 d6
6.exd6 cxd6
7.O-O a6
8.a3 Bc8g4
9.Nb1d2 Nb8c6
10.h3 Bg4xf3
11.Nd2xf3 Ng8f6
12.b4  { time }
1-0